| Registos Bibliográficos associados ao registo de autoridade |
|
Etiqueta de registo: 00000nam 2200025 450 001 2281354 003 http://id.bnportugal.gov.pt/bib/catbnp/2281354 100 ## $a20260318d2025 k y0pory01030103ba 101 0# $aeng$dpor 102 ## $aPT 105 ## $aa m 000yy 106 ## $ar 200 1# $aTowards quantum sensor networks$fLuís Pedro Morais Bugalho$gorient. Yasser Rashid Revez Omar, Damian Markham 210 #9 $aLisboa$c[s.n.],$d2025 215 ## $aIX, 244 p.$cil.$d30 cm 328 #1 $aTese dout. Física, Instituto Superior Técnico, Universidade de Lisboa, 2025 675 ## $a531(043)$vBN$zpor$3336809 700 #1 $aBugalho,$bLuís Pedro Morais$31992160 702 #1 $aOmar,$bYasser Rashid Revez$4727$31697533 702 #1 $aMarkham,$bDamian$4727$31992166 801 #0 $aPT$bBN$gRPC 966 ## $lBN$mFGMON$sS.A. 193519 V.$x1 971 ## $corlando$d20260318 973 ## $cmlsousa$d20260413
|
|
|